Beyond librarianship: creativity, innovation and discovery (Record no. 7800)

MARC details
000 -LEADER
fixed length control field 00565nam a2200181Ia 4500
020 ## - INTERNATIONAL STANDARD BOOK NUMBER
ISBN 9789350500071
082 ## - DEWEY DECIMAL CLASSIFICATION NUMBER
Classification number 020.92 BEY-
245 #0 - TITLE STATEMENT
Title Beyond librarianship: creativity, innovation and discovery
260 ## - PUBLICATION, DISTRIBUTION, ETC. (IMPRINT)
Place of publication New Delhi
Name of publisher B.R.Publishing Corporation
Year of publication 2011
300 ## - PHYSICAL DESCRIPTION
Number of Pages ii, 206
650 ## - SUBJECT ADDED ENTRY--TOPICAL TERM
Topical Term Library Science
Form subdivision Congresses
650 ## - SUBJECT ADDED ENTRY--TOPICAL TERM
Topical Term Librarians
Form subdivision Congresses
650 ## - SUBJECT ADDED ENTRY--TOPICAL TERM
Topical Term Digital libraries
Form subdivision Congresses
650 ## - SUBJECT ADDED ENTRY--TOPICAL TERM
Topical Term Library Administration
Form subdivision Congresses
700 ## - ADDED ENTRY--PERSONAL NAME
Personal name B.S.Kademani...[et al.]
710 ## - ADDED ENTRY--CORPORATE NAME
Corporate name or jurisdiction name as entry element Bombay Science Librarian's Association
942 ## - ADDED ENTRY ELEMENTS (KOHA)
Koha item type Books
Holdings
Withdrawn status Lost status Damaged status Not for loan Home library Current library Date acquired Source of acquisition Bill Date Full call number Accession Number Price effective from Koha item type
        NASSDOC Library NASSDOC Library 31/03/2012 DP 2012-03-28 020.92 BEY- 47510 18/04/2019 Books